Statistics for God of war 3 Main Characters

Click here to take the quiz!

General Stats

  • This quiz has been taken 885 times
    (884 since last reset)
  • The average score is 10 of 14

Answer Stats

HintAnswer% Correct
Main characterKratos
99%
God of the underworldHades
97%
King of godsZeus
95%
God of the seasPoseidon
84%
Goddess of wisdomAthena
79%
Messenger of the godsHermes
79%
Mistress of the boxPandora
78%
Mother earthGaia
76%
God of the sunHelios
72%
Quenn of the godsHera
71%
Goddess of love beauty and sexualityAphrodite
70%
King of the titansCronos
70%
Queen of the underworldPersephone
57%
God of craftsmanshipHaphaestus
7%

Score Distribution

Percentile by Number Answered

Percent of People with Each Score

Your Score History

You have not taken this quiz since the last reset